00269nam a2200109Ia 4500020001900000100003100019245003000050082001300080942000800093008004100101999001700142 a9781770098411" aGROENEWALD CATHERINE94231 0aKLINGEL-KLINGEL IN MY SAK aAKF GROE cBK 210805s9999 xx 000 0 und d c56925d56924